| 000 | 00616nam a2200229Ia 4500 | ||
|---|---|---|---|
| 005 | 20231202093531.0 | ||
| 008 | 131103s9999 xx 000 0 und d | ||
| 020 | _a810913704 | ||
| 040 | _aLoreto College | ||
| 041 | _aEnglish | ||
| 082 |
_a708.153 _bWAL |
||
| 100 | _aWalker,John | ||
| 245 |
_aNational Gallery of Art _b Washington _cJohn Walker |
||
| 250 | _aForword by J.Carter Brown...rev.ed. | ||
| 260 |
_aNew York _bHarry N.Abrams _c1984 |
||
| 300 |
_a695 p. _b illus. |
||
| 504 | _aIncludes index | ||
| 650 | _aUnited States - Museums | ||
| 700 | _aBrown,J.Carter | ||
| 850 | _aLCLIB | ||
| 942 | _cBK | ||
| 999 |
_c17535 _d68014 |
||